Komunikačný mix pri predaji bytov v polyfunkčnom komplexe Vienna Gate diplomová práca

Gespeichert in:
Bibliographische Detailangaben
1. Verfasser: Šipková, Lucia
Körperschaft: Obchodná fakulta EU. Katedra marketingu
Weitere Verfasser: Richterová, Kornélia
Format: Buch
Sprache:Slowakisch
Veröffentlicht: Bratislava 2011
Tags: Tag hinzufügen
Keine Tags, Fügen Sie das erste Tag hinzu!

MARC

LEADER 00000nbm a2200000 4500
001 0140409
005 20161109101932.5
041 0 |a slo 
044 |a SK 
245 1 0 |a Komunikačný mix pri predaji bytov v polyfunkčnom komplexe Vienna Gate  |b diplomová práca  |c Lucia Šipková ; školiteľ: Kornélia Richterová 
264 1 |a Bratislava  |c 2011 
300 |a 94 s. 
100 1 |a Šipková, Lucia 
700 1 |a Richterová, Kornélia 
710 2 |a Obchodná fakulta EU. Katedra marketingu